000 00438nam a2200145 4500
001 139735
003 ES-MaACL
007 t|
008 070214s1940 gw r ||||1| ger d
100 1 _aSchnack, Friedrich.
_9104542
245 1 0 _aKlick aus dem Spielzeugladen
_b: roman für das grosse und kleine Volk /
_cFriedrich Schnack.
260 _aLeipzig :
_bIsel,
_c1940.
300 _a193 p. ;
_c19 cm.
852 _aES-MaACL
_jB-9266
_bR.19127
999 _c139735
_d139735